Представление документа в формате MARC21

Поле Инд. ПП Название Значение
Тип записи a
Библиографический уровень b
001 Контрольный номер DU/566671755
005 Дата корректировки 20200630193159.8
008 Кодируемые данные 20171215
040 b Код языка каталог. rus
e Правила каталог. PSBO
041 0_ a Код языка текста rus
084 a Индекс другой классификации/Индекс ББК 28.070в63
100 1_ a Автор Полуян С. В.
q Полное имя Полуян Сергей Владимирович
100 1_ a Автор Ершов Н. М.
q Полное имя Ершов Николай Михайлович
245 10 a Заглавие Применение эволюционных методов оптимизации для предсказания пространственной структуры пептидов
504 a Библиография Библиогр.: 21 назв.
650 a Основная рубрика биология
a Основная рубрика молекулярная биология
653 a Ключевые слова биоинформатика
a Ключевые слова вторичная структура белка
a Ключевые слова глобальная оптимизация
a Ключевые слова конформационный поиск
a Ключевые слова пептиды
a Ключевые слова предсказание структуры белка
a Ключевые слова пространственная структура белка
a Ключевые слова структура белка
a Ключевые слова эволюционные вычисления
773 08 t Заглавие источника Вестник Международного университета природы, общества и человека "Дубна" : Серия "Естественные и инженерные науки"
d Дата издания источника 2016
g Прочая информация № 2 (34). - С. 37 - 44 : рис.
w Контрольный № источника DU/540323393
901 t Тип документа b